000 01029nam a22002417a 4500
999 _c164
_d164
003 AR-CdUCM
008 190222b ||||| |||| 00| 0 spa d
020 _a9786124728198
040 _aMUNICIPALIDAD PROVINCIAL DEL CUSCO
_cBIBLIOTECA MUNICIPAL DEL CUSCO
082 _a985.54 /
_bV38
100 _aVelarde Oliart, Miguel Eduardo
_9767
110 _aUniversidad Andina del Cusco.
_9768
245 _aFábrica de Hilados y Tejidos de Lana Lucre :
_bTextiles en la Historia /
260 _aCusco :
_bUniversidad Andina del Cusco, Editora Gráfica Acuarela E. I. R. L,
_c2018
300 _a867 páginas ;
_c23 cm.
_e126 Ilustraciones.
505 _aTextilería en el periodo precolombino -- Textileria en el periodo incaico -- Textileria en el periodo colonial -- Industria textil en el periodo colonial -- Contexto del periodo colonial ...
650 _aIndustria textil.
_9769
650 _aImperio inca.
_9770
650 _aPeriodo colonial.
_9771
650 _aCusco.
_9772
942 _2ddc
_cLIBROS
945 _amvr
_d2019-02-22